000 00921nam a2200301 i 4500
001 47892
003 ES-MaACL
005 20231102063033.0
007 t|
008 030625s2000 sp ||||0| spa j
020 _a84-7669-432-6
040 _aM-BN
_bspa
_cM-BN
080 _a321.01
080 _a316.62
100 0 _aCanetti, Elias,
_d1905-1994
_934493
245 1 0 _aMasa y poder /
_cElías Canetti ; traducción de Horst Vogel.
250 _a1ª ed. en Modernos y Clásicos.
260 _aBarcelona :
_bMuchnik,
_c2000.
300 _a526 p ;
_c23 cm.
490 1 _aModernos y clásicos de Muchnik Editores ;
_v111
504 _aBibliografía: p. 511-521.
650 1 4 _aPoder.
_916144
650 1 4 _aConducta colectiva.
_911260
830 0 _aModernos y clásicos de Muchnik Editores ;
_v111
_9180364
852 _aES-MaACL
_jL-26448
_bR.131171
999 _c47892
_d47892